00000000nam##2200000za#4500
0019.675625
003CaOODSP
00520210624225344
007cr |||||||||||
008150407|2005||||xxc|||||o    f|0| 0 eng|d
040 |aCaOODSP|beng
041 |aeng
041 |afre
043 |an-cn---
0861 |aX9-2/6-2005-PDF
1101 |aCanada. |bParliament. |bHouse of Commons.
24510|aAnnotated standing orders of the House of Commons |h[electronic resource]
250 |a2nd edition
260 |aOttawa - Ontario : |bHouse of Commons |c2005.
300 |a632p.
590 |a11-31-Supp|b2011-12-13
792 |tRèglement annoté de la Chambre des Communes |efre|w(CaOODSP)9.675626
85640|ahttp://publications.gc.ca|qPDF|s8360 KB|uhttps://publications.gc.ca/collections/collection_2007/parl/X9-2-6-2005.pdf